Indice general catálogo directorio de investigaciones. (Record no. 64178)

MARC details
000 -LEADER
fixed length control field 00621cam a2200181 4500
008 - FIXED-LENGTH DATA ELEMENTS--GENERAL INFORMATION
fixed length control field t19941994mx spa
050 04 - LIBRARY OF CONGRESS CALL NUMBER
Classification number GN44
Item number I53 1994
245 00 - TITLE STATEMENT
Title Indice general catálogo directorio de investigaciones.
260 ## - PUBLICATION, DISTRIBUTION, ETC. (IMPRINT)
Place of publication, distribution, etc México :
Name of publisher, distributor, etc Instituto Nacional de Antropología e Historia,
Date of publication, distribution, etc c1994
300 ## - PHYSICAL DESCRIPTION
Extent 272 p. ;
Dimensions 21 cm.
500 ## - GENERAL NOTE
General note 2 ejemplares
504 ## - BIBLIOGRAPHY, ETC. NOTE
Bibliography, etc Incluye indice
650 #7 - SUBJECT ADDED ENTRY--TOPICAL TERM
Topical term or geographic name as entry element Antropología
Geographic subdivision México
General subdivision Investigación
Source of heading or term Lemb
700 1# - ADDED ENTRY--PERSONAL NAME
Personal name Arroyo García, Sergio Raúl, comp.
710 2# - ADDED ENTRY--CORPORATE NAME
Corporate name or jurisdiction name as entry element Escuela Nacional de Antropología e Historia (México)
942 ## - ADDED ENTRY ELEMENTS (KOHA)
Source of classification or shelving scheme Biblioteca del Cogreso de los Estados Unidos
Koha item type Libro
Holdings
Estado de pérdida Fuente de clasificación Estado del daño No para préstamo Ubicación permanente Ubicación actual Apartado o colección Fecha de adquisición Edición Dependencia de educación superior (DES) Área del conocimiento Clasificación Código de Barras Date last seen Número de copia Tipo de recurso
  Biblioteca del Cogreso de los Estados Unidos     Biblioteca del Instituto de Investigaciones Históricas Biblioteca del Instituto de Investigaciones Históricas General 13/08/2018 1a ed. Humanidades Ciencias Naturales y Exactas GN44 I53 1994 IIH000002696 13/08/2018 C:1 Libro
  Biblioteca del Cogreso de los Estados Unidos     Biblioteca del Instituto de Investigaciones Históricas Biblioteca del Instituto de Investigaciones Históricas General 13/08/2018 1a ed. Humanidades Ciencias Naturales y Exactas GN44 I53 1994 IIH000002695 13/08/2018 C:2 Libro